On my block personnages - Statistiques

Statistiques générales
  • Ce quiz a été pris 777 fois
  • Le résultat moyen est 9 sur 21
Statistiques - réponses
Hint Réponse % Correct
1 Cesar Díaz
94%
2 Jamal Turner
91%
3 Ruby Martinez
91%
5 Monse Finnie
90%
4 Oscar Díaz
90%
8 Jasmin
74%
6 Olivia
67%
16 Abuelita
63%
7 Latrelle
41%
10 Chivo
27%
9 Cuchillos
24%
20 Kendra
20%
11 Geny Martinez
16%
14 Luisa Martinez
16%
13 Luis Martinez
16%
12 Mario Martinez
16%
15 Mario Martinez
16%
21 Rosé
16%
19 Dwayne Turner
15%
18 Coach Ron
13%
17 Monty Finnie
7%
Aucun quiz correspondant
Distribution des résultats
% des personnes avec chaque résultat
Percentile par nombre de réponses
Votre historique - résultats
Vous n’avez pas pris ce quiz